Statistiques concernant Joueurs équipe de France Coupe du Monde 2022 (avec photos)

Cliquez ici pour prendre le quiz!

Statistiques générales

  • Ce quiz a été pris 619 fois
    (559 depuis la dernière actualisation)
  • Le résultat moyen est 22 sur 25

Statistiques - réponses

Réponse% Correct
Antoine Griezmann
99%
Benjamin Pavard
99%
Kylian Mbappé
99%
Hugo Lloris
98%
Lucas Hernandez
97%
Olivier Giroud
96%
Ousmane Dembélé
96%
Théo Hernandez
96%
Kingsley Coman
95%
Raphaël Varane
95%
Adrien Rabiot
94%
Jules Koundé
92%
Eduardo Camavinga
90%
Alphonse Areola
89%
Steve Mandanda
89%
Aurélien Tchouaméni
88%
Mattéo Guendouzi
87%
Marcus Thuram
84%
Jordan Veretout
80%
Dayot Upamecano
79%
Randal Kolo Muani
76%
William Saliba
70%
Ibrahima Konaté
63%
Youssouf Fofana
63%
Axel Disasi
59%

Distribution des résultats

Percentile par nombre de réponses

% des personnes avec chaque résultat

Votre développement - résultats

Vous n’avez pas pris ce quiz depuis la dernière actualisation